LEADER 02567nam 2200433z- 450 001 9910416117103321 005 20250326152212.0 035 $a(CKB)4100000011414031 035 $a(oapen)https://directory.doabooks.org/handle/20.500.12854/32510 035 $a(EXLCZ)994100000011414031 100 $a20202102d2020 |y 0 101 0 $afre 135 $aurmn|---annan 181 $ctxt$2rdacontent 182 $cc$2rdamedia 183 $acr$2rdacarrier 200 10$aFragmenta Saturnia heroica $eÉdition critique, traduction et commentaire des fragments de l'Odyssée latine de Livius Andronicus et de la Guerre punique de Cn. Naevius 210 $aBasel$cSchwabe Verlag$d2020 225 1 $aSchweizerische Beiträge zur Altertumswissenschaft 311 08$a9783796541285 311 08$a3796541283 330 $aCet ouvrage propose une nouvelle édition critique des fragments de l?Odyssée latine de Livius Andronicus et de la Guerre punique de Cn. Naevius. Ces deux poèmes, datant du 3e s. av. J.-C., constituent les deux premières épopées de la littérature latine, et les deux seules à avoir été composées en vers saturniens. Les fragments qui nous sont parvenus ont été conservés par tradition indirecte, principalement dans des ouvrages grammaticaux et des commentaires savants datant d?entre le 1er s. av. et le 6e s. apr. J.-C. L?édition des fragments se base sur l?examen de nombreux manuscrits des auteurs antiques qui les transmettent. À cette édition critique, s?ajoute une traduction française et un commentaire philologique et linguistique. Le commentaire poursuit trois objectifs : justifier systématiquement les choix éditoriaux en évaluant toutes les variantes disponibles de la tradition manuscrite ; déterminer l?authenticité des fragments transmis et, pour les fragments authentiques, la place qu?ils occupaient dans l?intrigue du poème ; esquisser une description grammaticale de la langue littéraire des épopées saturniennes. 517 $aFragmenta Saturnia heroica 606 $aHistorical & comparative linguistics$2bicssc 610 $alatin 610 $apoésie 610 $aépopée 610 $asaturnien 610 $aLivius Andronicus 610 $aNaevius 610 $aphilologie 610 $alinguistique 610 $acritique textuelle 615 7$aHistorical & comparative linguistics 700 $aViredaz$b Antoine$4auth$01296961 906 $aBOOK 912 $a9910416117103321 996 $aFragmenta Saturnia heroica $93024334 997 $aUNINA